| 000 -LEADER |
| fixed length control field |
01037cam a22002414a 4500 |
| 001 - CONTROL NUMBER |
| control field |
13612621 |
| 005 - DATE AND TIME OF LATEST TRANSACTION |
| control field |
20210618141855.0 |
| 008 - FIXED-LENGTH DATA ELEMENTS--GENERAL INFORMATION |
| fixed length control field |
040603s2005 enka b 001 0 eng |
| 020 ## - INTERNATIONAL STANDARD BOOK NUMBER |
| International Standard Book Number |
9780415352086 |
| 041 ## - LANGUAGE CODE |
| Language code of text/sound track or separate title |
eng |
| 080 ## - UNIVERSAL DECIMAL CLASSIFICATION NUMBER |
| Universal Decimal Classification number |
376 C-95 |
| 245 00 - TITLE STATEMENT |
| Title |
Curriculum and pedagogy in inclusive education : |
| Remainder of title |
values into practice / |
| Statement of responsibility, etc. |
edited by Melanie Nind ... [et al.]. |
| 264 ## - PRODUCTION, PUBLICATION, DISTRIBUTION, MANUFACTURE, AND COPYRIGHT NOTICE |
| Place of production, publication, distribution, manufacture |
New York : |
| Name of producer, publisher, distributor, manufacturer |
RoutledgeFalmer, |
| Date of production, publication, distribution, manufacture, or copyright notice |
2005. |
| 300 ## - PHYSICAL DESCRIPTION |
| Extent |
256 p. : |
| Other physical details |
ill. ; |
| Dimensions |
25 cm. |
| 653 ## - INDEX TERM--UNCONTROLLED |
| keyword |
ინკლუზიური განათლება |
| 653 ## - INDEX TERM--UNCONTROLLED |
| keyword |
სასწავლო გეგმა და პედაგოგიკა ინკლუზიურ განათლებაში |
| 653 ## - INDEX TERM--UNCONTROLLED |
| keyword |
Инклюзивное образование |
| 700 1# - ADDED ENTRY--PERSONAL NAME |
| Personal name |
Nind, Melanie |
| Relator term |
რედაქტორი |
| 9 (RLIN) |
12093 |
| 700 1# - ADDED ENTRY--PERSONAL NAME |
| Personal name |
Rix, Jonathan |
| Relator term |
რედაქტორი |
| 9 (RLIN) |
12094 |
| 700 1# - ADDED ENTRY--PERSONAL NAME |
| Personal name |
Sheehy, Kieron |
| Relator term |
რედაქტორი |
| 9 (RLIN) |
12095 |
| 700 1# - ADDED ENTRY--PERSONAL NAME |
| Personal name |
Simmons, Katy |
| Relator term |
რედაქტორი |
| 9 (RLIN) |
12096 |
| 942 ## - ADDED ENTRY ELEMENTS (KOHA) |
| Source of classification or shelving scheme |
|
| Koha item type |
წიგნი |